00478nam a2200181Ia 4500003000400000005001700004008004100021040000700062041000900069082001600078100004700094245005600141260002000197300001100217365001300228650004000241650001500281OSt20250917112521.0210719s1966 xx 000 0 und d cAL aTulu aT894.2 RAVS aRAV (P S)dರಾವ್ (ಪಿ ಎಸ್) aSamshayada sankalebಸಂಶಯದ ಸಂಕಲೆ aMangaluruc1966 a87bPB b1.25cRs a Tulu pattedhari samajika nataka aTulu Drama